Agricultural research and productivity growth in India / (Record no. 18288)
[ view plain ]
| 000 -LEADER | |
|---|---|
| fixed length control field | 00571cam a22001934a 4500 |
| 020 ## - INTERNATIONAL STANDARD BOOK NUMBER | |
| ISBN | 089629112X |
| 040 ## - CATALOGING SOURCE | |
| Transcribing agency | DLC |
| 082 00 - DEWEY DECIMAL CLASSIFICATION NUMBER | |
| Classification number | 338 IFPRI 1999 C141 Or.1 |
| 100 1# - MAIN ENTRY--AUTHOR NAME | |
| Personal name | Evenson, Robert E. |
| 245 10 - TITLE STATEMENT | |
| Title | Agricultural research and productivity growth in India / |
| 260 ## - PUBLICATION, DISTRIBUTION, ETC. (IMPRINT) | |
| Place of publication | Washington, D.C. : |
| Name of publisher | International Food Policy Research Institute, |
| Year of publication | c1999. |
| 300 ## - PHYSICAL DESCRIPTION | |
| Number of Pages | 88 p. : |
| Other physical details | ill. ; |
| Dimensions | 26 cm. |
| 490 1# - SERIES STATEMENT | |
| Series statement | Research report ; |
| 650 #0 - SUBJECT ADDED ENTRY--TOPICAL TERM | |
| Topical Term | Agriculture |
| 650 #0 - SUBJECT ADDED ENTRY--TOPICAL TERM | |
| Topical Term | Agricultural productivity |
| 700 1# - ADDED ENTRY--PERSONAL NAME | |
| Personal name | Pray, Carl. |
| 700 1# - ADDED ENTRY--PERSONAL NAME | |
| Personal name | Rosegrant, Mark W. |
| 942 ## - ADDED ENTRY ELEMENTS (KOHA) | |
| Koha item type | ADB |
| 952 ## - LOCATION AND ITEM INFORMATION (KOHA) | |
| Withdrawn status [LOCAL, KOHA] | 0 |
| Source of acquisition | Permanent Location | Date acquired | Koha item type | Lost status | Shelving location | Current Location | Full call number |
|---|---|---|---|---|---|---|---|
| A38054 | Library Block C | 2019-10-07 | សៀវភៅភាសាអង់គ្លេស | C141 | Library Block C | 338 IFPRI 1999 C141 Or. |